HANDBOOK of counselling and counselor education
Salvato in:
| Natura: | Libro |
|---|---|
| Lingua: | inglese |
| Pubblicazione: |
Routledge
2020
|
| Tags: |
Aggiungi Tag
Nessun Tag, puoi essere il primo ad aggiungerne!!
|
MARC
| LEADER | 00000nam a2200000 4500 | ||
|---|---|---|---|
| 008 | 240522b |||||||| |||| 00| 0 eng d | ||
| 020 | |a 97808125370697 | ||
| 245 | |a HANDBOOK of counselling and counselor education |c /edited by Mary Olufunmilayo Adekson |g xiv,526p;ill | ||
| 250 | |c Adekson, Mary Olufunmilayo | ||
| 260 | |b Routledge |c 2020 |h New York |i 701554 |i 701555 |l BF636.6.H19 |m Counselling |m Counselors- Training of |m Counseling- Study and teaching | ||
| 500 | |a it includes references and index | ||
| 942 | |a lcc |c BK |e JOHNSON |f 22/5/24 | ||
| 952 | |0 0 |1 0 |2 lcc |4 0 |6 BF06366 H19 |7 0 |9 5135 |a RF |b HOL |c AF |d 2024-05-22 |l 0 |o BF636.6.H19 |p 2024-0382 |r 2024-05-22 00:00:00 |t 701554 |w 2024-05-22 |y BK | ||
| 952 | |0 0 |1 0 |2 lcc |4 0 |6 BF06366 H19 |7 0 |9 5136 |a HOL |b HOL |c AF |d 2024-05-22 |l 0 |o BF636.6.H19 |p 2024-0383 |r 2024-05-22 00:00:00 |t 701555 |w 2024-05-22 |y BK | ||
| 999 | |c 2552 |d 2552 | ||